000 01569nam a2200217Ia 4500
008 220216s9999 xx 000 0 und d
100 _aDasgupta Mridul
245 0 _aEffect of fly ash as filler in rubber - A comprehensive study of the vulcanisate properties of styrene butadiene rubber compounds
260 _bProgress in Rubber, Plastics and Recycling Technology
_c2013
300 _a151-168
520 _aThe effect of fly ash filler for an ESBR-based compound was studied in the range 0-80 phr. Characterization of fly ash, as received, revealed the abundance of 200 mesh size particles with an average diameter of 10 meu m; compositionanalysis showed the predominance of silica and alumina the properties of ESBR compounds filled with fly ash particles of <_200 mesh were compared with those of clay - and whiting-filled compounds. The cure rate index remained unchanged for fly ash throughout the range of loading studied here; clay showed a lower cure rate, and whiting showed a higher value than fly ash. The 300;modulus values did ot show any improvement with increase in fly ash loading, the values being comparable with those for whiting and inferior to those for clay. Fly ash gives the lowest heat build-up and tan delta (at 70dC) values among the three fillers under discussion.
650 _aCharacterization
650 _aPhysical properties
650 _aRubber
650 _aWaste fly ash
700 _aBandyopadhyay Abhijit
700 _aGuptha DasSaikat
700 _aKar Saptarshi
700 _aMukhopadhyay Rabindra
942 _cJS
999 _c57860
_d57860